| 000 | 01496nam1a22002771i 4500 | ||
|---|---|---|---|
| 001 | rc\3400310 | ||
| 005 | 20260406125930.0 | ||
| 021 |
_aRU _b[69-65484] |
||
| 021 |
_aRU _b[69-63233] |
||
| 035 | _a(NLR Aleph) 007573222 | ||
| 090 |
_a5428053 _c5428053 |
||
| 100 | _a20130115d1969 |||y0rusy50 ca | ||
| 101 | 0 | _arus | |
| 102 | _aRU | ||
| 105 | _ay z ||||| | ||
| 200 | 1 |
_aРанняя диагностика и лечение инфекционных болезней _e[Материалы Всесоюз. конференции. 7-9 окт. 1969 г. _eТ. 1-2] _fМ-во здравоохранения СССР. Всесоюз. о-во эпидемиологов, микробиологов и инфекционистов им. И.И. Мечникова. Клин. секция. 1 Ленингр. мед. ин-т им. акад. И.П. Павлова |
|
| 210 |
_aЛенинград _cБ. и. _d1969 |
||
| 215 |
_a2 т. _d20 |
||
| 225 | 1 | _aК 100-летию со дня рождения В.И. Ленина | |
| 300 | _aОписано по обл. На тит. л. только загл. тома | ||
| 606 |
_aИнфекционные болезни _jСборники _2psbo |
||
| 712 | 0 | 2 |
_aВсесоюзное научное общество микробиологов, эпидемиологов и энфекционистов им. И. И. Мечникова _9312006 _3RU\NLR\AUTH\8819315 |
| 801 | 0 |
_aRU _bNLR _gpsbo |
|
| 801 | 1 |
_aRU _bELAR _2rusmarc |
|
| 852 |
_aNLR _j69-3/6500 |
||
| 942 | _cBOOK | ||